Handbook of salary and wage systems (Record no. 38401)

MARC details
000 -LEADER
fixed length control field 00282nam a2200109Ia 4500
082 ## - DEWEY DECIMAL CLASSIFICATION NUMBER
Classification number 658.3(035)
Item number BOW
245 #0 - TITLE STATEMENT
Title Handbook of salary and wage systems
260 ## - PUBLICATION, DISTRIBUTION, ETC. (IMPRINT)
Place of publication Great Britain
Name of publisher Grower
Year of publication 1975
700 ## - ADDED ENTRY--PERSONAL NAME
Personal name Bowey, A M
942 ## - ADDED ENTRY ELEMENTS (KOHA)
Koha item type Books
Holdings
Withdrawn status Lost status Damaged status Not for loan Home library Current library Date acquired Cost, normal purchase price Full call number Accession Number Koha item type
        RRII Library RRII Library 16/12/2021 476.00 658.3(035) BOW 18760 Books